Updating the english indices of deprivation 2000 (Record no. 73392)
[ view plain ]
| 000 -LEADER | |
|---|---|
| fixed length control field | 00920cam a2200193 4500 |
| 001 - CONTROL NUMBER | |
| control field | WB3934-21 |
| 008 - FIXED-LENGTH DATA ELEMENTS--GENERAL INFORMATION | |
| fixed length control field | 030911n2003 000 0 eng u |
| 035 ## - SYSTEM CONTROL NUMBER | |
| System control number | (Sirsi) u123561 |
| 245 ## - TITLE STATEMENT | |
| Title | Updating the english indices of deprivation 2000 |
| 260 ## - PUBLICATION, DISTRIBUTION, ETC. | |
| Date of publication, distribution, etc. | 2003 |
| 490 ## - SERIES STATEMENT | |
| Series statement | Planning (for the Natural and Built Environment) |
| Volume/sequential designation | 29 August 2003, 2(1) |
| 520 ## - SUMMARY, ETC. | |
| Summary, etc. | In a proposal to update the Indices of Deprivation 2000, the ODPM seeks to replace council wards with small areas known as 'super output areas' when calculating deprivation for the purpose of allocating funding. Crime is also proposed as an indicator, along with air quality and road accidents. Comments by 14 November 2003. Consultation paper at http://www.neighbourhood.gov.uk/indices.asp#blueprint |
| 590 ## - LOCAL NOTE (RLIN) | |
| Local note | WB |
| 650 ## - SUBJECT ADDED ENTRY--TOPICAL TERM | |
| Topical term or geographic name entry element | DEPRIVATION |
| 650 ## - SUBJECT ADDED ENTRY--TOPICAL TERM | |
| Topical term or geographic name entry element | GOVERNMENT FUNDING |
| 650 ## - SUBJECT ADDED ENTRY--TOPICAL TERM | |
| Topical term or geographic name entry element | REGENERATION SCHEMES |
| 690 ## - LOCAL SUBJECT ADDED ENTRY--TOPICAL TERM (OCLC, RLIN) | |
| Topical term or geographic name as entry element | REGENERATION |
| 942 ## - ADDED ENTRY ELEMENTS (KOHA) | |
| Suppress in OPAC | 0 |
| Withdrawn status | Lost status | Source of classification or shelving scheme | Damaged status | Not for loan | Home library | Current library | Shelving location | Date acquired | Total Checkouts | Full call number | Barcode | Date last seen | Copy number | Price effective from | Koha item type |
|---|---|---|---|---|---|---|---|---|---|---|---|---|---|---|---|
| Dewey Decimal Classification | London | London | News article | 11/09/2003 | WB3934-21 | 123561-1001 | 06/08/2019 | 1 | 06/08/2019 | News article |